2022ワールドカップ総合順位 - Statistics

General Stats
  • This quiz has been taken 576 times
  • The average score is 24 of 32
Answer Stats
成績 順位 答え % Correct
優勝 1位 アルゼンチン
99%
ベスト16 9位 日本
98%
準優勝 2位 フランス
97%
ベスト16 13位 スペイン
97%
ベスト8 7位 ブラジル
96%
ベスト16 16位 韓国
94%
グループステージ敗退 17位 ドイツ
94%
ベスト16 14位 アメリカ
92%
ベスト4 3位 クロアチア
90%
ベスト8 8位 ポルトガル
90%
ベスト8 6位 イングランド
85%
ベスト4 4位 モロッコ
81%
ベスト16 11位 オーストラリア
81%
ベスト8 5位 オランダ
79%
グループステージ敗退 25位 サウジアラビア
79%
グループステージ敗退 22位 メキシコ
77%
グループステージ敗退 23位 ベルギー
77%
グループステージ敗退 31位 カナダ
74%
グループステージ敗退 32位 カタール
74%
グループステージ敗退 20位 ウルグアイ
73%
グループステージ敗退 27位 コスタリカ
73%
ベスト16 15位 ポーランド
66%
グループステージ敗退 26位 イラン
65%
ベスト16 12位 スイス
63%
グループステージ敗退 28位 デンマーク
59%
ベスト16 10位 セネガル
56%
グループステージ敗退 30位 ウェールズ
54%
グループステージ敗退 18位 エクアドル
50%
グループステージ敗退 24位 ガーナ
48%
グループステージ敗退 29位 セルビア
46%
グループステージ敗退 21位 チュニジア
42%
グループステージ敗退 19位 カメルーン
38%
No matching quizzes found
Score Distribution
Percent of People with Each Score
Percentile by Number Answered
Your Score History
You have not taken this quiz